Direito Sumular STJ

Bibliographic Details
Main Author: Saldanha Villar, Alice
Format: eBook
Language:Portuguese
Published: San Pablo: JH Mizuno, 2017
Subjects:
Online Access:Acceso restringido

MARC

LEADER 00000nam a22000007a 4500
005 20180304225213.0
007 cr|||| ||||
008 180304s2017 br |||||s|||| 00||0 por d
020 |a 978-85-7789-309-6 
035 |a 21043 
040 |a vLex 
090 |c 7444  |d 7444 
100 1 |a Saldanha Villar, Alice 
245 1 0 |a Direito Sumular STJ  |h [Recurso electrn̤ico] /  |c Alice Saldanha Villar 
256 |a Servicio en ln̕ea 
260 |a San Pablo:  |b JH Mizuno,  |c 2017 
300 |a 1 recurso electrn̤ico 
506 1 |a Disponible solo en los productos indicados  |d vLex Global  |d vLex Global (Academic Edition, excluding Law Schools)  |d vLex Global (U.S. Academic Edition, Law Schools)  |d vLex Global (U.S. Academic Edition, excluding Law Schools)  |d vLex Global (Academic Edition, Law Schools) 
650 0 4 |a Derecho Civil  |z Brasil 
650 0 4 |a Financiero  |z Brasil 
650 0 4 |a Derecho Procesal  |z Brasil 
650 0 4 |a Derecho Pb︢lico y Administrativo  |z Brasil 
650 0 4 |a Derecho Penal  |z Brasil 
650 0 4 |a Derecho Fiscal  |z Brasil 
650 0 4 |a Derecho Constitucional  |z Brasil 
740 0 |a vLex Libros (Servicio en ln̕ea) 
856 4 0 |u http://vlex.com/source/direito-sumular-stj-21043  |z Acceso restringido 
942 |c BOOK 
999 0 |a Civil Law 
999 0 |a Financial 
999 0 |a Procedural Law 
999 0 |a Public and Administrative Law 
999 0 |a Criminal Law 
999 0 |a Tax Law 
999 0 |a Constitutional Law